| 000 | 00865nam1a2200301 i 4500 | ||
|---|---|---|---|
| 001 | RU\NLR\bibl\1766386 | ||
| 005 | 20240725232104.0 | ||
| 035 | _a(NLR Aleph) 001757182 | ||
| 090 |
_a1555617 _c1555617 |
||
| 100 | _a20110505g20119999u y0rusy50 ca | ||
| 101 | 0 | _arus | |
| 102 | _aRU | ||
| 105 | _a||||z ||||| | ||
| 200 | 1 |
_aГенетика души _fКрутицкая Е. |
|
| 210 |
_aМосква _cРоса _d2011 |
||
| 215 | _d16 | ||
| 225 | 1 | _aСтруктуированное сознание | |
| 463 | 0 | _10011757672 | |
| 686 | _aШ6(2=Р)8-440.4 | ||
| 700 | 1 |
_aКрутицкая _bЕ. А. _gЕлена Александровна _4070 |
|
| 801 | 0 |
_aRU _bNLR _c20110505 _gRCR |
|
| 801 | 1 |
_aRU _bNLR _c20110505 |
|
| 830 | _aавт.п о кн. | ||
| 852 |
_aNLR _j2011-2/1417 |
||
| 942 | _cBOOK | ||
| 980 | _aNBR | ||